100 największych miast Polski - Statystyki

Ogólne statystyki
  • Ten quiz został rozwiązany 509 razy
  • Średni wynik to 52 z 100
Statystyki odpowiedzi
Lp. Miasto Liczba ludności % Poprawnych
2 Kraków 759k
99%
1 Warszawa 1.7m
99%
6 Gdańsk 460k
97%
4 Wrocław 637k
96%
12 Gdynia 248k
95%
3 Łódź 710k
95%
5 Poznań 541k
95%
8 Bydgoszcz 383k
92%
11 Katowice 297k
92%
7 Szczecin 406k
92%
10 Białystok 302k
90%
9 Lublin 349k
90%
15 Toruń 212k
88%
19 Rzeszów 193k
86%
31 Opole 125k
83%
32 Zielona Góra 121k
83%
14 Radom 215k
82%
17 Kielce 198k
81%
22 Olsztyn 175k
81%
13 Częstochowa 239k
79%
16 Sosnowiec 205k
74%
30 Gorzów Wielkopolski 125k
73%
18 Gliwice 195k
69%
36 Koszalin 113k
69%
23 Bielsko-Biała 173k
66%
29 Elbląg 125k
66%
28 Płock 126k
65%
34 Tarnów 115k
64%
20 Zabrze 178k
64%
58 Suwałki 70k
63%
21 Bytom 176k
61%
38 Kalisz 108k
60%
39 Legnica 104k
60%
100 Kołobrzeg 45k
59%
37 Chorzów 112k
56%
53 Lubin 74k
56%
35 Wałbrzych 113k
56%
78 Ełk 58k
55%
44 Nowy Sącz 85k
55%
48 Piotrków Trybunalski 78k
55%
52 Piła 75k
54%
41 Słupsk 97k
54%
33 Włocławek 117k
54%
50 Inowrocław 76k
53%
45 Jelenia Góra 84k
53%
25 Rybnik 141k
53%
62 Zamość 66k
53%
55 Gniezno 72k
52%
46 Konin 79k
52%
64 Przemyśl 66k
52%
26 Tychy 129k
52%
27 Dąbrowa Górnicza 127k
51%
40 Grudziądz 99k
49%
63 Chełm 66k
48%
49 Siedlce 77k
47%
97 Krosno 47k
45%
66 Łomża 66k
44%
24 Ruda Śląska 143k
42%
61 Leszno 67k
41%
69 Bełchatów 63k
40%
79 Pruszków 58k
40%
91 Tarnobrzeg 49k
40%
76 Biała Podlaska 58k
39%
72 Mielec 61k
39%
43 Jaworzno 93k
38%
67 Kędzierzyn-Koźle 64k
38%
57 Stargard 71k
37%
65 Tomaszów Mazowiecki 66k
35%
42 Jastrzębie-Zdrój 97k
33%
83 Ostrołęka 54k
33%
89 Puławy 50k
33%
92 Skierniewice 49k
33%
68 Stalowa Wola 64k
33%
82 Legionowo 54k
32%
74 Tczew 60k
32%
56 Ostrowiec Świętokrzyski 72k
31%
51 Mysłowice 76k
30%
71 Tarnowskie Góry 61k
30%
54 Ostrów Wielkopolski 72k
29%
59 Pabianice 69k
29%
95 Radomsko 48k
29%
47 Siemianowice Śląskie 79k
29%
77 Zgierz 58k
29%
70 Żory 62k
29%
60 Głogów 68k
28%
75 Będzin 58k
27%
98 Dębica 47k
26%
84 Starachowice 52k
26%
87 Wejherowo 51k
26%
80 Piekary Śląskie 56k
25%
81 Racibórz 54k
25%
99 Kutno 46k
24%
85 Nysa 52k
24%
73 Świdnica 61k
24%
88 Świętochłowice 50k
24%
94 Zawiercie 48k
24%
93 Skarżysko-Kamienna 49k
23%
90 Rumia 50k
22%
86 Starogard Gdański 51k
22%
96 Wodzisław Śląski 48k
22%
Nie znaleziono quizów pasujących do podanych kryteriów
Rozkład punktacji
Procent ludzi z każdym wynikiem
Percentyl według liczby udzielonych odpowiedzi
Twoja historia wyników
Nie rozwiązałeś tego quizu